América Latina y el Caribe : (Record no. 161016)

MARC details
000 -CABECERA
campo de control de longitud fija 00907cam a2200253 a 4500
005 - FECHA Y HORA DE LA ÚLTIMA TRANSACCIÓN
campo de control 20250905064001.0
008 - ELEMENTOS DE LONGITUD FIJA--INFORMACIÓN GENERAL
campo de control de longitud fija 121122s2008 mx fr 000 0 spa d
020 ## - NÚMERO INTERNACIONAL NORMALIZADO PARA LIBROS
Número Internacional Estándar del Libro 9789213230008
035 ## - NÚMERO DE CONTROL DEL SISTEMA
Número de control de sistema UPN01000188913
040 ## - FUENTE DE LA CATALOGACIÓN
Centro catalogador/agencia de origen MX-MxUPN
Lengua de catalogación spa
050 #4 - SIGNATURA TOPOGRÁFICA DE LA BIBLIOTECA DEL CONGRESO
Número de clasificación KG400
Número de documento/Ítem D5.2
100 1# - ASIENTO PRINCIPAL--NOMBRE PERSONAL
Nombre de persona Díaz, Álvaro
9 (RLIN) 33424
245 10 - MENCIÓN DE TÍTULO
Título América Latina y el Caribe :
Resto del título la propiedad intelectual después de los tratados de libre comercio
260 ## - PUBLICACIÓN, DISTRIBUCIÓN, ETC.
Lugar de publicación, distribución, etc. Santiago de Chile :
Nombre del editor, distribuidor, etc. Comisión Económica para América Latina y el Caribe,
Fecha de publicación, distribución, etc. c2008.
300 ## - DESCRIPCIÓN FÍSICA
Extensión 242 páginas :
Otras características físicas gráficas, cuadros
490 0# - MENCIÓN DE SERIE
Mención de serie Libros de la CEPAL ;
Designación de volumen o secuencia 94
530 ## - NOTA DE FORMATO FÍSICO ADICIONAL DISPONIBLE
Nota de formato físico adicional disponible También disponible en línea.
650 #4 - ASIENTO SECUNDARIO DE MATERIA - TERMINO TEMATICO
Término de materia o nombre geográfico como elemento de entrada Propiedad intelectual
Subdivisión geográfica América Latina
9 (RLIN) 21827
650 #4 - ASIENTO SECUNDARIO DE MATERIA - TERMINO TEMATICO
Término de materia o nombre geográfico como elemento de entrada Innovaciones tecnológicas
9 (RLIN) 8196
856 40 - LOCALIZACIÓN Y ACCESO ELECTRÓNICOS
Identificador Uniforme del Recurso <a href="https://hdl.handle.net/11362/2526">https://hdl.handle.net/11362/2526</a>
902 ## - ELEMENTOS DE DATOS B LOCAL, LDB (RLIN)
Modificó VíctorGodínez/100724
942 ## - ELEMENTOS DE PUNTO DE ACCESO ADICIONAL (KOHA)
Fuente del sistema de clasificación o colocación Library of Congress Classification
Tipo de ítem Koha Libro
Holdings
Estado de retiro Estado de pérdida Fuente del sistema de clasificación o colocación Estado dañado No para préstamo Código de colección Localización permanente Ubicación/localización actual Ubicación en estantería Total de préstamos Clasificación Código de barras Fecha visto por última vez Fecha del último préstamo Número de copia Tipo de ítem Koha Fecha de adquisición Identificador Uniforme del Recurso Precio válido a partir de
    Library of Congress Classification     Colección General Bib. Gregorio Torres Quintero Bib. Gregorio Torres Quintero Planta baja 2 KG400 D5.2 287107 23/01/2026 16/10/2025 1 Libro      
    Library of Congress Classification     Acceso abierto Bib. Gregorio Torres Quintero Bib. Gregorio Torres Quintero En línea   KG400   10/07/2024     Libro Electrónico 10/07/2024 https://hdl.handle.net/11362/2526 10/07/2024